000
00246nam a2200097Ia 4500
001
639824
005
20250826153435.0
008
250824s9999 xx 000 0 und d
245
0
_a
Ece Yüce/Ece Okula Başladı
_c
Gülten Dayıoğlu
260
_b
ALTIN
999
_c
639824
_d
639824